La esfera y la cruz
Gorde:
| Egile nagusia: | |
|---|---|
| Formatua: | Liburua |
| Hizkuntza: | gaztelania |
| Argitaratua: |
Buenos Aires
Espasa-Calpe
1940
|
| Saila: | Colección Austral, 125
|
| Gaiak: | |
| Etiketak: |
Etiketa erantsi
Etiketarik gabe, Izan zaitez lehena erregistro honi etiketa jartzen!
|
MARC
| LEADER | 00000nam a2200000 a 4500 | ||
|---|---|---|---|
| 001 | UCZ4931 | ||
| 003 | CL-VaPUC | ||
| 008 | 951115e19400000AG |||||||||||||||||spa|d | ||
| 082 | 0 | 4 | |a 823 |b CHE |2 21 |
| 100 | 0 | |a Chesterton, Gilbert Keith |e author |9 347361 | |
| 245 | 1 | 3 | |a La esfera y la cruz |
| 300 | |a 273 p | ||
| 942 | |c BK | ||
| 945 | |d 19951115 00:00:00 |a rleighto | ||
| 260 | |a Buenos Aires |b Espasa-Calpe |c 1940 | ||
| 650 | 0 | |a Novelas inglesas |9 265220 | |
| 583 | |a last modification |c 19951115 00:00:00 |k Rodrigo Vera | ||
| 490 | 0 | |a Colección Austral, 125 | |
| 999 | |c 241272 |d 241270 | ||
| 952 | |0 0 |1 0 |4 0 |6 823_000000000000000_CHE_1940 |7 0 |8 A |9 253559 |a BIBEDU |b BIBEDU |d 2019-11-19 |i 3149986 |o 823 CHE 1940 |p 3149986 |r 2019-11-19 |w 2019-11-19 |y BK |k LIT | ||